| 000 | 00713nam a2200253 a 4500 | ||
|---|---|---|---|
| 001 | BRL_857 | ||
| 005 | 20190320210928.0 | ||
| 008 | 181013c1962----mx-#######---#000-1#spa-# | ||
| 041 | _aspa | ||
| 044 | _amx | ||
| 050 | 4 |
_aPQ7297 _b.G89 1962 |
|
| 100 | 1 |
_aGuzmán, Martín Luis _d1887-1976 _925149 |
|
| 245 | 1 | 0 |
_aEl águila y la serpiente _cMartín Luis Guzmán. |
| 250 | _a4 | ||
| 260 |
_aMéxico _bCompañía General de Ediciones _c1962 |
||
| 300 |
_a455 p. _c20 cm. |
||
| 440 | 0 |
_aColección Ideas, letras y vida _925150 |
|
| 500 | _aAu951 | ||
| 500 | _aEjemplar intonso | ||
| 650 | 1 | 4 |
_anovela mexicana _925151 |
| 651 | 4 |
_aMéxico _vNovela _xHistoria _y1910-1949 _925152 |
|
| 902 | _aGRL | ||
| 942 |
_2lcc _cB |
||
| 999 |
_c9669 _d9669 |
||